00652nam a22001937a 450000500170000001000150001702000260003203500130005803700130007108200060008410000190009024500520010926000440016127000630020530000210026894200210028999900170031095201310032720141125114140.0 aENG-111278 a9789350097885c295.00 aEN-94810 bDBAD/PUB aN aShahnaz Bashir aThe half mother :cby Shahnaz Bashirba novel / aGurgaonbHachette Book Publishingc2014 a4th/5th Floors, Corporate Center, Sec. 44bGurgaone122003 a182p.c22cm(pbk) 2ddccENmSHAhN  c90129d90129 001040718FICaDBADbDBADd2014-11-18eDBAD/PUBg295.00l0oN BASpEN-94810r2014-11-18 00:00:00t1v295.00w2014-11-18yEN